000 00629nam a2200169 a 4500
008 120416s1986 ||||||||||||||||| || u
020 _a0195618955
050 _aHG 4538 Lal
100 _aLall, Rajiv B
245 1 0 _aMultinationals from the Third World: Indian firms investing abroad
260 _aDelhi:
_bOxford University Press
_c1986
300 _aix, 100p. : ill.
350 _a0.00
650 _aINTERNATIONAL BUSINESS ENTERPRISES--INDIA
650 _aINVESTMENTS
995 _D0.00
_FCBU-MAIN LIBRARY (Kitwe)
_H1
_I9.35
_UAVAILABLE
_ZAnnex Low-Usage Collection
999 _c51803
_d51803